Les 10 villes les plus peuplées de l'Indre et Loire (37) - Statistiques

Statistiques générales
  • Ce quiz a été pris 39 fois
  • Le résultat moyen est 6 sur 10
Statistiques - réponses
Population Communes % Correct
138 700 Tours
100%
38 400 Joué-lès-Tours
89%
11 900 Chambray-lès-Tours
66%
13 100 Amboise
63%
16 700 Saint-Cyr-sur-Loire
63%
15 100 Saint-Avertin
60%
15 700 Saint-Pierre-des-Corps
60%
10 300 La Riche
49%
11 300 Montlouis-sur-Loire
43%
10 900 Fondettes
31%
Aucun quiz correspondant
Distribution des résultats
% des personnes avec chaque résultat
Percentile par nombre de réponses
Votre historique - résultats
Vous n’avez pas pris ce quiz